| 000 | 01466nam a2200409 c 4500 | ||
|---|---|---|---|
| 001 | 21481 | ||
| 003 | ES-MaCES | ||
| 005 | 20150925133419.0 | ||
| 008 | 080922s2008 sp d t o000 | spa d | ||
| 017 |
_aZ 2468-2008 _bDL |
||
| 020 | _a9788445131428 (Consejo Económico y Social) | ||
| 020 | _a9788497428606 (Biblioteca Nueva) | ||
| 035 | _aCES20080009256m | ||
| 040 |
_aES-MaCES _bspa _cES-MaCES |
||
| 245 | 0 | 0 |
_aAnálisis de la presencia de las mujeres en los puestos directivos de las empresas madrileñas _cRocío Albert López-Ibor ... [et al.] |
| 250 | _a1ª ed | ||
| 260 |
_aMadrid _bConsejo Económico y Social, Comunidad de Madrid _bBiblioteca Nueva _c2008 |
||
| 300 |
_a155 p. _bgráf. col. _c23 cm |
||
| 490 | 1 |
_aColección Estudios _v29 |
|
| 504 | _aBibliografía: p. 149-155 | ||
| 541 | _cGratuito | ||
| 650 | 4 |
_amujeres _928657 |
|
| 650 | 4 |
_atrabajadora _928413 |
|
| 650 | 4 |
_aalta dirección _928192 |
|
| 650 | 4 |
_ajunta de dirección _929357 |
|
| 650 | 4 |
_aascenso _928217 |
|
| 650 | 4 |
_adiscriminación por razones de sexo _929521 |
|
| 650 | 4 |
_aMadrid (Comunidad Autónoma) _930777 |
|
| 653 | 1 | 0 | _aMujer |
| 650 | 4 |
_928178 _aempresa |
|
| 700 | 1 |
_aAlbert López-Ibor, Rocío _95804 |
|
| 710 | 2 |
_aConsejo Económico y Social (Madrid) _eed. _92424 |
|
| 830 | 0 |
_aColección Estudios (Consejo Económico y Social (Madrid)) _v29 _933419 |
|
| 902 | _aLIB Libro | ||
| 942 |
_2CES _cBK _h3.3. |
||
| 999 |
_c21481 _d21481 |
||